Global human resources management. (Record no. 497860)

MARC details
000 -LEADER
fixed length control field 00750nam a2200241Ia 4500
003 - CONTROL NUMBER IDENTIFIER
control field OSt
005 - DATE AND TIME OF LATEST TRANSACTION
control field 20220925180927.0
008 - FIXED-LENGTH DATA ELEMENTS--GENERAL INFORMATION
fixed length control field 220923b |||||||| |||| 00| 0 eng d
020 ## - INTERNATIONAL STANDARD BOOK NUMBER
International Standard Book Number 9781773612140
037 ## - SOURCE OF ACQUISITION
Terms of availability General Book
040 ## - CATALOGING SOURCE
Original cataloging agency RTL
Transcribing agency RTL
Language of cataloging eng
041 ## - LANGUAGE CODE
Source of code eng
Language code of text/sound track or separate title eng
100 ## - MAIN ENTRY--PERSONAL NAME
Personal name NTABENI-BHEBE Faith
9 (RLIN) 252333
245 #0 - TITLE STATEMENT
Title Global human resources management.
260 ## - PUBLICATION, DISTRIBUTION, ETC.
Place of publication, distribution, etc. Canada
Name of publisher, distributor, etc. Society Publishing
Date of publication, distribution, etc. 2019
300 ## - PHYSICAL DESCRIPTION
Extent xv, 283p
Dimensions cm.
500 ## - GENERAL NOTE
General note Bibliography: p 341-357
942 ## - ADDED ENTRY ELEMENTS (KOHA)
Classification part X:9.1, Q9
Koha item type General Books
Source of classification or shelving scheme Colon Classification (CC)
Holdings
Withdrawn status Lost status Damaged status Not for loan Home library Current library Date acquired Source of acquisition Cost, normal purchase price Total Checkouts Full call number Barcode Date last seen Cost, replacement price Price effective from Koha item type
        Ratan Tata Library Ratan Tata Library 2022-09-25 92, 26/02/2019, Better Book Service 11520.00   X:9.1 Q9 RT1501525 2022-09-25 11520.00 2022-09-25 General Books
Copyright @ Delhi University Library System